Titul je dostupný aj v ... 

MARC
| LEADER | 00000nam a22000002i 4500 | ||
|---|---|---|---|
| 001 | 000722708 | ||
| 005 | 20250331092330.0 | ||
| 008 | 241205s1983 xr e 000 0 cze d | ||
| 020 | |q (brožované) | ||
| 040 | |a SVKKK |b slo |c SVKKK |e rda | ||
| 100 | 1 | |a Appelt, Karel |4 aut | |
| 245 | 1 | 0 | |a Džezgymnastika pro cvičitele ZRTV 3. a 2. třídy : |b učební texty / |c Karel Appelt. |
| 250 | |a 2. vydání | ||
| 264 | 1 | |a Praha : |b Olympia, |c 1983. | |
| 300 | |a 118 strán. | ||
| 336 | |a text |b txt |2 rdacontent | ||
| 337 | |a bez média |b n |2 rdamedia | ||
| 338 | |a zväzok |b nc |2 rdacarrier | ||
| 500 | |a Záznam revízie | ||
| 910 | |a svkkk | ||
| 998 | |a BK | ||
| 090 | |g SCKHL |k Sklad Pribinova 3. posch. |a V.135604 |j 680815 |i 2720973108 |s Povinný výt. | ||